000 00314nam a2200133Ia 4500
005 20251222144748.0
008 251222s9999||||xx |||||||||||||| ||spa||
082 _a242.2/Q82
100 _aQuoist, Michel
245 0 _aOraciones para Rezar por la Calle
250 _a25a.ed.
264 _bSígueme
942 _cLIB
999 _c19222
_d19222